| 000 | 00442nam a2200169Ia 4500 | ||
|---|---|---|---|
| 008 | 230917s9999||||xx |||||||||||||| ||und|| | ||
| 020 | _cRS250 | ||
| 040 |
_e227987 _aMAIN |
||
| 041 | _aEnglish | ||
| 082 | _a301.35 S23R | ||
| 100 | _aSharma,Rajendra Kumar | ||
| 245 | 0 | _aRural sociology | |
| 260 |
_aNew Delhi _bAtlantic Publishers _c2011 |
||
| 300 | _a305 p. | ||
| 500 | _a2095 26/08/2015 APD15/2095 26/08/2015 Main Budget | ||
| 942 | _cBK | ||
| 999 |
_c15840 _d15840 |
||